| 000 | 00361nam a2200145Ia 4500 | ||
|---|---|---|---|
| 008 | 210716s2004 xx 000 0 und d | ||
| 041 | _aeng | ||
| 082 | _a338.5 SHAE | ||
| 100 | _aShapiro, Edward. | ||
| 245 | _aMacroeconomic analysis. | ||
| 250 | _a5 | ||
| 260 |
_aNew Delhi _bGalgotia Publications Pvt Ltd _c2004 |
||
| 300 | _axix,632 | ||
| 650 | _aEconomics | ||
| 999 |
_c197891 _d197891 |
||